Normal view
MARC view
Entry Personal Name
001 - CONTROL NUMBER
- control field: 1578
003 - CONTROL NUMBER IDENTIFIER
- control field: OSt
005 - DATE AND TIME OF LATEST TRANSACTION
- control field: 20210903102441.0
008 - FIXED-LENGTH DATA ELEMENTS
- fixed length control field: 210903|| aca||aabn | a|a d
040 ## - CATALOGING SOURCE
- Original cataloging agency: OSt
- Transcribing agency: OSt
100 ## - HEADING--PERSONAL NAME
- Personal name: Ghosh
- Fuller form of name: Sachin Kumar Ghosh
670 ## - SOURCE DATA FOUND
- Source citation: Work cat.: (OSt)1911: Ghosh Sachin Kumar Ghosh, advanced GENERAL ORGANIC CHEMISTRY, 1998